banner-ar

A COMPREHENSIVE ENLISH ARABIC DICTIONARY: WITH COLOURED ILLUSTRATIONS / (Record no. 10982)

MARC details
000 -الفاتح
حقل البيانات ثابتة الطول 00467nam a2200169Ia 4500
008 - عناصر البيانات ثابتة الطول - معلومات عامة
حقل البيانات ثابتة الطول 140319s9999 xx 000 0 eng d
040 ## - مصدر الفهرسة
وكالة الفهرسة الأصلية GCL /
وكالة النسخ GCL
082 04 - رقم تصنيف ديوى العشرى
رقم التصنيف 423
رقم المادة K C
100 1# - المدخل الرئيسى - إسم شخصى
الإسم الشخصى KHEDER EL-GOWAD
245 10 - بيان العنوان
العنوان A COMPREHENSIVE ENLISH ARABIC DICTIONARY: WITH COLOURED ILLUSTRATIONS /
بيان المسئوليه,etc KHEDER EL-GOWAD
300 ## - الوصف المادى
التعداد 1103
650 04 - المدخل الاضافى بالموضوع-مصطلح موضوعى
مصطلح موضوعي DICTIONARIES
650 04 - المدخل الاضافى بالموضوع-مصطلح موضوعى
مصطلح موضوعي ENGLISH - ARABIC
942 ## - عناصر المدخل الإضافي( كوها)
مصدر التصنيف او مخطط الترفيف Dewey Decimal Classification
Koha [default] item type كتاب
260 ## - PUBLICATION, DISTRIBUTION, ETC. (IMPRINT)
-- [S.N] :
-- LIBRARY OF LIBONON
Holdings
حالة التراجع حالة الفقد حالة تلف ليس للاعارة المكان المؤقت الموقع الحالى تاريخ الاكتساب اجمالي اﻻعارات رقم الطلب الباركود تاريخ اخر مشاهدة تاريخ تفعيل السعر نوع وعاء كوها
        مكتبة القاهرة الكبرى مكتبة القاهرة الكبرى 03/26/2014   423\K C 21951 03/26/2014 03/26/2014 كتاب

Powered By

EGPV